00433nam a2200181Ia 4500008004100000020001800041050001400059100002100073245003800094245002100132260001500153260001600168260000900184300001400193300002700207300001000234500000700244170918s9999 xx 000 0 und d a9780590414984 bW814 1975 aWiseman, Bernard aHalloween with Morris and Boris / cBernard Wiseman. aNew York : bScholastic, c1975 aunpaged : bcolored illustration ; c21cm. a80